| 000 | 00418ntaaa2200169 4500 | ||
|---|---|---|---|
| 003 | 01 | ||
| 005 | 20251027201258.0 | ||
| 008 | 0714s1973 ag 01 | ||
| 040 |
_aAR-BaBN _bspa _cAR-BaBN _eaacr _dRIC |
||
| 082 | _a221.0000 W34 | ||
| 100 | _aWatts, J. Wash | ||
| 245 | _aSurvey of Old Testament teachings | ||
| 250 |
_a1 ed. : _bBroadman Press, _cc1947 |
||
| 300 | _a2 vols. | ||
| 650 | _aAntiguo Testamento | ||
| 942 | _cBK | ||
| 999 |
_c7171 _d7171 |
||